مكتبة جامعة عجلون الوطنية

فهرس بحث المكتبة

Jordan National Health Accounts 2008 : Technical Report No. 2 (Record no. 1447)

MARC details
000 -LEADER
fixed length control field 00644nam a2200193Ii 4500
003 - CONTROL NUMBER IDENTIFIER
control field JO-AjNU
008 - FIXED-LENGTH DATA ELEMENTS--GENERAL INFORMATION
fixed length control field 230606s9999||||xx |||||||||||||| ||und||
040 ## - CATALOGING SOURCE
Original cataloging agency JO-AjNU
Language of cataloging eng
Description conventions rda
Transcribing agency JO-AjNU
041 ## - LANGUAGE CODE
Language code of text/sound track or separate title eng
050 14 - LIBRARY OF CONGRESS CALL NUMBER
Classification number RA395.J6.H53 2011
100 3# - MAIN ENTRY--PERSONAL NAME
Personal name Jordan. High Health Council,
Relator term author
9 (RLIN) 2763
245 00 - TITLE STATEMENT
Title Jordan National Health Accounts 2008 : Technical Report No. 2
264 31 - PRODUCTION, PUBLICATION, DISTRIBUTION, MANUFACTURE, AND COPYRIGHT NOTICE
Place of production, publication, distribution, manufacture Amman, Jordan: High Health Council, 2011
300 ## - PHYSICAL DESCRIPTION
Extent 59p
336 ## - CONTENT TYPE
Content type term text
Content type code txt
Source rdacontent
337 ## - MEDIA TYPE
Media type term unmediated
Media type code n
Source rdamedia
338 ## - CARRIER TYPE
Carrier type term volume
Carrier type code nc
Source rdacarrier
650 #4 - SUBJECT ADDED ENTRY--TOPICAL TERM
Topical term or geographic name entry element Public health -- Jordan -- Medical care, Cost of -- Jordan
9 (RLIN) 2764
Holdings
Withdrawn status Lost status Source of classification or shelving scheme Damaged status Not for loan Home library Current library Shelving location Date acquired Total Checkouts Full call number Barcode Date last seen Price effective from Koha item type
    Library of Congress Classification   Not For Loan مكتبة جامعة عجلون الوطنية مكتبة جامعة عجلون الوطنية المراجع 06/06/2023   RA395.J6.H53 2011 E1447 06/06/2023 06/06/2023 Reference